000 00317 a2200097 4500
100 1 _aDąbski, L..
_eAutor
700 1 _aDąbrowski, S..
_eAutor
245 0 _aStacja katodowa :
_bMetoda badań /
_cDąbski L., Dąbrowski S..
710 2 _aInstytut Łączności.
_eWydawca
_4pbl
260 _aWarszawa :
_bIŁ,
_c1969.
300 _aIII,10 s.;
_c34 cm.
999 _c15578
_d15578